000 02633cam a2200517 i 4500
001 data
003 data
005 20260322212113.0
007 data
008 data
906 _a7
_bcbc
_ccopycat
_d2
_encip
_f20
_gy-gencatlg
925 0 _aacquire
_b1 shelf copy
_xpolicy default
010 _a 2024408268
020 _a9780135766590
_qhbk
020 _a0135766591
_qhbk
035 _a(OCoLC)1371667489
040 _aZYU
_beng
_erda
_cZYU
_dDLC
_dOCLCA
_dOCLCO
_dOCLCQ
_dOCLCL
_dDLC
_dDLC-MRC
_dDLC
042 _alccopycat
050 0 0 _aHF5415
_b.K636 2021
082 0 4 _a658.8
_qOCoLC
_223/eng/20231120
100 1 _aKotler, Philip
_eauthor
_4http://id.loc.gov/vocabulary/relators/aut
_4http://id.loc.gov/vocabulary/relators/aut
_0http://id.loc.gov/authorities/names/n79105772
_1http://id.loc.gov/rwo/agents/n79105772
245 1 0 _aPrinciples of marketing /
_cPhilip Kotler, Northwestern University, Gary Armstrong, University of North Carolina.
250 _a18e [edition].
250 _aEighteenth edition.
264 1 _aHoboken, NJ :
_bPearson Education,
_c[2021]
300 _axx, 707 pages
_bcolor illustrations
_c29 cm
334 _asingle unit
_bmono
_0http://id.loc.gov/vocabulary/issuance/mono
336 _atext
_btxt
_2rdacontent
_0http://id.loc.gov/vocabulary/contentTypes/txt
337 _aunmediated
_bn
_2rdamedia
_0http://id.loc.gov/vocabulary/mediaTypes/n
338 _avolume
_bnc
_2rdacarrier
_0http://id.loc.gov/vocabulary/carriers/nc
340 _pillustrations
_0http://id.loc.gov/vocabulary/millus/ill
353 _abibliography
_bbibliography
_0http://id.loc.gov/vocabulary/msupplcont/bibliography
353 _aindex
_bindex
_0http://id.loc.gov/vocabulary/msupplcont/index
504 _aIncludes bibliographical references (pages 639-679) and index.
650 0 _aMarketing
_0http://id.loc.gov/authorities/subjects/sh85081333
650 6 _aMarketing
650 7 _amarketing
_2aat
650 7 _aMarketing
_2fast
700 1 _aArmstrong, Gary
_q(Gary M.)
_eauthor
_4http://id.loc.gov/vocabulary/relators/aut
_0http://id.loc.gov/authorities/names/n85313802
_1http://id.loc.gov/rwo/agents/n85313802
758 _4https://id.oclc.org/worldcat/ontology/hasWork
_1https://id.oclc.org/worldcat/entity/E39PCGxdyXYD3YwKXcr6BWdprq
758 _1http://id.loc.gov/resources/instances/24021325
758 _4http://id.loc.gov/ontologies/bibframe/instanceOf
_1http://id.loc.gov/resources/works/24021325
884 _aDLC bibframe2marc v3.0-dev
_g20250930
_qDLC
_uhttps://github.com/lcnetdev/bibframe2marc/tree/v3.0-dev
985 _eBIBFRAME
_d2025-09-30T13:11:16
999 _c1687
_d1687